| 000 | 00419cam a22001457a 4500 | ||
|---|---|---|---|
| 008 | 180718b1996 xxu||||| |||| 00| 0 eng d | ||
| 082 | _aQ L973 | ||
| 245 |
_aWelfare and policy: research agendas and issues _cedited by Neil Lunt, Douglas Coyle |
||
| 260 |
_aLondon _bTylor & Francis _c1996 |
||
| 300 | _a210p. | ||
| 650 | _aSocial policy | ||
| 650 | _aPublic welfare | ||
| 700 | _aCoyle, Douglas | ||
| 700 | _aLunt, Neil | ||
| 999 |
_c379954 _d379954 |
||